LIBRARY & INFORMATION CENTRE, KCAET, TAVANUR

ONLINE PUBLIC ACCESS CATALOGUE (OPAC)

Chemistry industry and the environment / (Record no. 6289)

MARC details
000 -LEADER
fixed length control field 00368cam a2200145ua 4500
003 - CONTROL NUMBER IDENTIFIER
control field OSt
008 - FIXED-LENGTH DATA ELEMENTS--GENERAL INFORMATION
fixed length control field 240215b |||||||| |||| 00| 0 eng d
041 ## - LANGUAGE CODE
Language code of text/sound track or separate title eng
082 ## - DEWEY DECIMAL CLASSIFICATION NUMBER
Classification number 660.281
Item number LOW/CH
100 ## - MAIN ENTRY--AUTHOR NAME
Personal name Lowe, James N .
245 ## - TITLE STATEMENT
Title Chemistry industry and the environment /
260 ## - PUBLICATION, DISTRIBUTION, ETC. (IMPRINT)
Place of publication :
Name of publisher W M C Brown publishers ,
Year of publication 1994.
300 ## - PHYSICAL DESCRIPTION
Number of Pages 321 ; .
942 ## - ADDED ENTRY ELEMENTS (KOHA)
Koha item type Books
Holdings
Withdrawn status Lost status Damaged status Home library Current library Shelving location Date acquired Full call number Accession Number Koha item type
      KAUAET KAUAET General Stacks 07/04/2012 660.281 LOW/CH 20226 Books
free website counter